000 00946nam a2200253Ia 4500
003 OSt
005 20221005113350.0
006 a|||||r|||| 00| 0
007 ta
008 221004b |||||||| |||| 00| 0 pan d
020 _a9788179824429 (hbk)
_cINR 150.00
024 _a32906
037 _b783, 27/02/2017, H.K. Prakashan
_cTextual
040 _aCRL
_cCRL
_bpan
041 _2pan
_apan
082 _aO153,2NSWx, Q6
100 _aਸਵੈਚ, ਪਰਮਿੰਦਰ ਕੈਰ, ਂਚ.
245 0 _aਤਵਾਰੀ॥ ਬੋਲਦੀ ਹੈ
_b ਤੇ ਹੋਰ ਨਾਟਕ
260 _aਬਰਨਾਲਾ
_bਤਰਕਭਾਰਤੀ ਪ੍ਰਕਾFਨ ਭਾਰਤ
_c2016
300 _a136ਪ੍ਰ0
_ccm.
650 _a ਪੰਜਾਬੀ ਨਾਟਕ
942 _hO153,2NSWx, Q6
_cTEXL
_2cc
999 _c1027920
_d1027920